Ayyanu's Dictionary of Synonyms and Antonyms (Record no. 211240)

MARC details
000 -LEADER
fixed length control field 00513nam a22001697a 4500
005 - DATE AND TIME OF LATEST TRANSACTION
control field 20250508163943.0
010 ## - LCCN (DPL NO)
LC control number ENG-144831
020 ## - INTERNATIONAL STANDARD BOOK NUMBER
Terms of availability 300.00
035 ## - SYSTEM CONTROL NUMBER
System control number EN-128363
037 ## - SOURCE OF ACQUISITION
Source of stock number/acquisition DBAD
082 ## - DEWEY DECIMAL CLASSIFICATION NUMBER
Edition number 1
Classification number 483.1
245 ## - TITLE STATEMENT
Title Ayyanu's Dictionary of Synonyms and Antonyms
Statement of responsibility, etc Edited By Muguvai Su.Shrinivasan
260 ## - PUBLICATION, DISTRIBUTION, ETC. (IMPRINT)
Place of publication, distribution, etc Chennai
Name of publisher, distributor, etc AKS Books World
Date of publication, distribution, etc 2016
270 ## - ADDRESS
Address 8(Old No-38-B)Srinivasan Street T.Nagar
City Chennai
Postal code 600049
300 ## - PHYSICAL DESCRIPTION
Extent 269P.
Dimensions 22c.m(pb)
942 ## - ADDED ENTRY ELEMENTS (KOHA)
Source of classification or shelving scheme Dewey Decimal Classification
Item type English Books
Classification part 483.1
Call number suffix DIC
Holdings
Withdrawn status Lost status Not for loan Collection code Home library Current library Date acquired Source of acquisition Cost, normal purchase price Full call number Barcode Copy number Cost, replacement price Koha item type
      Non-fiction Ashok Vihar Ashok Vihar 08/05/2025 Delivery of Books Act Division 300.00 483.1 DIC EN-128363 1 300.00 English Books

© Delhi Public Library
Hit Counter
free hit counter